000 00989nam a22003137a 4500
003 CHAP
005 20220329141117.0
008 971014s1931 mx a r 00010 spa d
010 _a62734
011 _a63706
035 _a67883
040 _cCHAP
082 0 4 _a638.2
_bG65 1931
100 0 0 _aGonzález, Homobono.
_949527
245 1 _aBreves apuntes sobre el cultivo de la morera y la cría del gusano de seda
250 _a8 ed.
260 _aMéxico, D.F. :
_bSecretaría de Agricultura y Fomento,
_c1931
300 _a92 p.
_b: ilus. ; láms.
590 _aBATCH-UPD
_b10
_c20130110
_lUCH01
_h0259
590 _aBATCH-UPD
_b10
_c20130110
_lUCH01
_h1443
590 _aBATCH-UPD
_b10
_c20130410
_lUCH01
_h1616
590 _aBATCH-UPD
_b10
_c20130914
_lUCH01
_h1556
590 _aCONVERSION
_b10
_c20130109
_lUCH01
_h1334
650 1 4 _aGusanos de seda.
_951569
650 1 4 _aMorera.
_978758
901 _aBK
942 _cLIBRO
949 _a638.2 G65 1931
_bBC
_cBPP
_d-154558
_eBPP
_i67883
_si
999 _c62734
_d62734